Diseases and parasites of sheep & goats / (Record no. 19006)
[ view plain ]
| 000 -LEADER | |
|---|---|
| fixed length control field | 01125nam a22002537a 4500 |
| 001 - CONTROL NUMBER | |
| control field | 19006 |
| 003 - CONTROL NUMBER IDENTIFIER | |
| rucl marc code | BD-RjUL |
| 005 - DATE AND TIME OF LATEST TRANSACTION | |
| control field | 20211209000354.0 |
| 008 - FIXED-LENGTH DATA ELEMENTS--GENERAL INFORMATION | |
| fixed length control field | 140223s2008 ii |||| |||| 001 0 eng d |
| 020 ## - INTERNATIONAL STANDARD BOOK NUMBER | |
| International Standard Book Number | 8176220876 |
| International Standard Book Number | 9788176220873 |
| 035 ## - SYSTEM CONTROL NUMBER | |
| System control number | (BD-RjUL)19064 |
| 040 ## - CATALOGING SOURCE | |
| Original cataloging agency | BD-RjUL |
| Language of cataloging | eng |
| Transcribing agency | BD-RjUL |
| 041 ## - LANGUAGE CODE | |
| Language code of text/sound track or separate title | eng |
| 082 04 - DEWEY DECIMAL CLASSIFICATION NUMBER | |
| Classification number | 636.08969 |
| Author mark and year | DIS 2008 |
| 245 ## - TITLE STATEMENT | |
| Title | Diseases and parasites of sheep & goats / |
| Statement of responsibility, etc. | editor, Gove Hambidge. |
| 260 ## - PUBLICATION, DISTRIBUTION, ETC. (IMPRINT) | |
| Place of publication, distribution, etc. | Delhi : |
| Name of publisher, distributor, etc. | Biotech Books, |
| Date of publication, distribution, etc. | 2008 |
| 300 ## - PHYSICAL DESCRIPTION | |
| Pagination | 149 p. : |
| Illustrations | ill. ; |
| Size | 23 cm. |
| 504 ## - BIBLIOGRAPHY, ETC. NOTE | |
| Bibliography, etc | Includes Index |
| 505 ## - FORMATTED CONTENTS NOTE | |
| Formatted contents note | Foot rot of sheep / M.S. Shahan -- Sore mouth of sheep and goats / M.S. Shahan -- Miscellaneous diseases of sheep and goats / M.S. Shahan -- Internal parasites of sheeps and goats / G. Dikmans & D.A. Shorb -- Sheep scab and its control / A.W. Miller -- Sheep ticks / Marion Imes & O.C. [i.e. O.G.] Babcock -- Goat lice / O.G. Babcock & E.C. Cushing -- Pregnancy disease of sheep / M.S. Shahan -- Lunger disease of sheep / G.T. Creech |
| 650 ## - SUBJECT ADDED ENTRY--TOPICAL TERM | |
| Topical term or geographic name as entry element | Sheep -- Diseases. |
| 9 (RLIN) | 58575 |
| 700 1# - ADDED ENTRY--PERSONAL NAME | |
| Personal name | Hambidge, Gove |
| 942 ## - ADDED ENTRY ELEMENTS (KOHA) | |
| Source of classification or shelving scheme | Dewey Decimal Classification |
| Koha item type | Books |
| Lost status | Source of classification or shelving scheme | Damaged status | Not for loan | Collection code | Permanent Location | Current Location | Shelving location | Date acquired | Source of acquisition | Cost, normal purchase price | Total Checkouts | Full call number | Date last seen | Copy number | Koha item type |
|---|---|---|---|---|---|---|---|---|---|---|---|---|---|---|---|
| Dewey Decimal Classification | Non-fiction | Central Library, University of Rajshahi | Central Library, University of Rajshahi | 14/08/2010 | Dhaka, Paragon Enterprises Ltd. | 295.00 | 636.08969 DIS 2008 | 23/02/2014 | C-3 | Books | |||||
| Dewey Decimal Classification | Not For Loan | Non-fiction | Central Library, University of Rajshahi | Central Library, University of Rajshahi | Reading Room | 09/02/2008 | Paragon Enterprise Ltd. | 295.00 | 636.08969 DIS 2004 | 20/03/2017 | C-1 | Books |